00616nam a22001577a 4500027001600000040001600016082001500032100002900047245016100076260003500237300002700272650002300299942001300322999001900335952010400354 qHard Cover. cSINES-NUST. a570.2bHUM aMaleeha Humayun.9108767 aComparison of EBV Associated Nasopharyngeal Cancers for the Identification of Therapeutic Targets and Modification of Existing Therapies /cHumayun, Maleeha aIslamabad:bSINES-NUST,c2023. a82 p. :bill. ;c35cm. xMS-Bioinformatics. 2ddccTHE c593177d593177 00102ddc4070aRCMSbRCMScTHEd2023-02-09l0o570.2 HUMpRCMS003379r2023-02-09w2023-02-09yREF